00426nam a22001337a 4500007000300000008004100003020001800044050001600062245008300078260003300161300003700194650003400231700002700265ta130918t2007 xxu||||| |||| 00| 0 spa d a970-607-676-x aPE 1628 C43 aChambers learner´s english dictionaryc/ Sandra Anderson, Kay Cullen ; editor aMéxicob: Laroussec; 2007 a631 páginasb: il. c; 21 cm.  2IDIOMA INGLES -- DICCIONARIOS aANDERSON, Sandra, ed.